Noem de 25 meest voorkomende vogels van Nederland - Statistieken

Algemene statistieken
  • Deze quiz is 55 keer genomen
  • De gemiddelde score is 9 van 25
Antwoordstatistieken
Antwoord % Correct
Koolmees
81%
Merel
81%
Huismus
78%
Pimpelmees
73%
Roodborst
73%
Kauw
65%
Vink
65%
Houtduif
62%
Spreeuw
57%
Wilde eend
43%
Meerkoet
27%
Winterkoning
27%
Kievit
24%
Tjiftjaf
24%
Heggenmus
22%
Kokmeeuw
19%
Zanglijster
19%
Boerenzwaluw
14%
Zwartkop
14%
Fitis
11%
Scholekster
11%
Witte kwikstaart
8%
Grasmus
3%
Kleine karekiet
3%
Tuinfluiter
3%
Geen overeenkomende quizzen gevonden
Scoreverdeling
Procent van Mensen met Elke Score
Percentiel versus Aantal Correcte Antwoorden
Uw Scoregeschiedenis
U heeft deze quiz nog niet genomen